Description de drapeaux de pays #3 - Statistiques

Statistiques générales
  • Ce quiz a été pris 33 fois
  • Le résultat moyen est 9 sur 20
Statistiques - réponses
Description du drapeau Pays % Correct
Il se reconnaît facilement à son damier rouge et blanc Croatie
78%
Drapeau figurant sur le tableau "La Liberté guidant le peuple" France
74%
On y voit un soleil levant émergeant de la mer et un oiseau survolant celui-ci Kiribati
70%
C'est globalement le drapeau du Pérou, mais couché Autriche
63%
Une étoiles verte sur un fond rouge Maroc
63%
Seul drapeau d'un pays où apparaissent des humains Belize
59%
Si les couleurs principales sont trois bandes rouge/jaune, du rose apparaît dans les armoiries Espagne
52%
Trois bandes jaune-bleu-rouge et 8 étoiles Venezuela
52%
Trois bandes rouge-bleu-rouge et un symbole jaune sur la première bande Mongolie
48%
Le nom (en français) d'une couleur apparaît dans son nom mais pas sur son drapeau Cap Vert
44%
Une bande blanche verticale, deux bandes rouge et verte horizontale Madagascar
41%
Deux fois trois bandes horizontales noire jaune rouge Ouganda
41%
On y voit un oiseau de paradis Papouasie Nouvelle-Guinée
37%
On peut y voir un bout des Alpes Slovénie
37%
Trois bandes verticales bleu-blanche-bleu Guatemala
30%
Trois bandes horizontales rouge jaune verte Bolivie
26%
Un trapèze noir à gauche puis trois bandes horizontales Koweït
26%
Drapeau avec le plus de bandes Malaisie
26%
Quatre trigrammes sont disposés sur les diagonales autour d'un symbole bien connu Corée du Sud
15%
Le bleu au milieu symbolise le fleuve traversant le pays et lui donnant son nom Gambie
15%
Aucun quiz correspondant
Distribution des résultats
% des personnes avec chaque résultat
Percentile par nombre de réponses
Votre historique - résultats
Vous n’avez pas pris ce quiz